00797nam a22001937a 450000500170000001000150001702000260003203500140005803700090007208200080008124500950008925000080018426000740019227001410026630000290040794200220043699900190045895201260047720260515141842.0 aENG-148486 a9789371367417c899.00 aEN-132018 bDBAD a000 aCracking Campus Placements Verbal Ability & Reasoning :bThe Verbal Intelligence Crafter / a1st aNoida, Uttar PradeshbPearson India Education Services Pvt. Ltdc2026 a1st Floor, Berger Tower, Plot No. C-001A /2, Sector 16B,bNoida, Uttar Pradeshe201301k044-66540100mcompanysecretary.india@pearson.com avarious pagesc26cm(pbk) 2ddccENh000mVER c216221d216221 001040708NFICaTNbTNd2026-05-15eDBADg899.00l0o000 VERpEN-132018r2026-05-15 14:19:30t1v899.00w2026-05-15yEN